Self Assessment and Review of Preventive and Social Medicine (Record no. 157240)

MARC details
000 -LEADER
fixed length control field 00389nam a2200133Ia 4500
008 - FIXED-LENGTH DATA ELEMENTS--GENERAL INFORMATION
fixed length control field 230411s9999 xx 000 0 und d
041 ## - LANGUAGE CODE
Language code of text/sound track or separate title eng
082 ## - DEWEY DECIMAL CLASSIFICATION NUMBER
Classification number CH/610.7343/ARO/B07045
100 ## - MAIN ENTRY--PERSONAL NAME
Personal name Arora Arvind
9 (RLIN) 179350
245 ## - TITLE STATEMENT
Title Self Assessment and Review of Preventive and Social Medicine
260 ## - PUBLICATION, DISTRIBUTION, ETC. (IMPRINT)
Name of publisher, distributor, etc. Pulse Publications
Place of publication, distribution, etc. Gorakhpur
Date of publication, distribution, etc. 2011
300 ## - PHYSICAL DESCRIPTION
Extent 574p
Holdings
Withdrawn status Lost status Damaged status Not for loan Collection code Home library Current library Date acquired Vendor Cost, normal purchase price Bill number Full call number Barcode Date last seen Cost, replacement price Bill Date Koha item type Original Barcode
      Reference   Smt. Bakul Tambat Institute of Nursing Education Smt. Bakul Tambat Institute of Nursing Education 20/03/2012 B.J.Medical Co-oprative College Stores 470.00 3317 CH 610.7343 ARO B07045 BTIN-BK-7045 11/04/2023 329.00 20/03/2012 Books B07045